Biblioteka Instytutu Północnego w Olsztynie

Widok standardowy Widok MARC

Pozycja Corporate Name

Liczba rekordów, w których użyto hasła: 1

001 - Numer kontrolny

  • control field: 41075

003 - Identyfikator numeru kontrolnego

  • control field: NUKAT

005 - Data i czas ostatniej modyfikacji

  • control field: 20260430150440.0

008 - Dane kontrolne kodowane (40 znaków)

  • fixed length control field: 071120n||a|znnaabn |a ana |c

010 ## - Numer kontrolny Biblioteki Kongresu

  • numer kontrolny LC: n 2007034751

024 7# - OTHER STANDARD IDENTIFIER

  • Standard number or code: 147128530
  • Source of number or code: viaf

040 ## - Instytucja sporządzająca rekord

  • inst. przygot. dane do rek. khw: KR U/RB
  • język haseł przedmiotowych/tezaurus: kaba
  • inst. wprow. rek. khw: KR U/RB
  • inst. modyf. rek. khw: WR O/DA
  • inst. modyf. rek. khw: WA U/DB
  • inst. modyf. rek. khw: TOR U/JSzs
  • inst. modyf. rek. khw: WA U/RP
  • inst. modyf. rek. khw: LUBL KUL/ew

110 2# - Hasło - nazwa ciała zbiorowego

  • nazwa ciała zbior. lub geogr. na pocz.: Polska Partia Socjalistyczna (1909-1919).

410 2# - Trop zob. - nazwa ciała zbiorowego

  • nazwa ciała zbior. lub geogr. na pocz.: PPS.

410 2# - Trop zob. - nazwa ciała zbiorowego

  • nazwa ciała zbior. lub geogr. na pocz.: Polska Partya Socyalistyczna.

410 2# - Trop zob. - nazwa ciała zbiorowego

  • nazwa ciała zbior. lub geogr. na pocz.: Polska Partia Socjalistyczna.

410 2# - Trop zob. - nazwa ciała zbiorowego

  • nazwa ciała zbior. lub geogr. na pocz.: Polska Partja Socjalistyczna.

510 2# - Trop zob. też - nazwa ciała zbiorowego

  • podpole kontrolne: a
  • nazwa ciała zbior. lub geogr. na pocz.: Polska Partia Socjalistyczna - Frakcja Rewolucyjna.

510 2# - Trop zob. też - nazwa ciała zbiorowego

  • podpole kontrolne: a
  • nazwa ciała zbior. lub geogr. na pocz.: Polska Partia Socjalistyczna (1892-1906).

665 ## - Nota historyczna

  • nota historyczna: Polska Partia Socjalistyczna powstała w 1892 na zjeździe w Paryżu. W 1906 z PPS wyłoniła się PPS-Lewica a PPS zmieniła nazwę na PPS-Frakcja Rewolucyjna. W 1909 na XI (II) Zjeździe PPS powrócono do nazwy Polska Partia Socjalistyczna. W 1919 dołączyło PPSD Galicji i Śląska Cieszyńskiego i PPS zaboru pruskiego. PPS funkcjonowała do 1939.

670 ## - Źródło informacji

  • źródło informacji: EPop.

670 ## - Źródło informacji

  • źródło informacji: Górnik. - 1897.

670 ## - Źródło informacji

  • źródło informacji: Biuletyn Informacyjny PPS.- nr 21, 1992.

670 ## - Źródło informacji

  • źródło informacji: Polska Partia Socjalistyczna (Frakcja Rewolucyjna) w latach 1906-1914 / Teodor Ładyka. - Warszawa, 1972.

670 ## - Źródło informacji

  • źródło informacji: Sprawozdanie z XI Zjazdu Polskiej Partii Socjalistycznej. - Kraków, 1909.

670 ## - Źródło informacji

  • źródło informacji: Encyklopedia PWN
  • adres internetowy: http://encyklopedia.pwn.pl

670 ## - Źródło informacji

  • źródło informacji: Kp. Obywatele! / Partja Niezawisłości Narodowej, Polska Partja Socjalistyczna, Polskie Stronnictwo Ludowe, Zjednoczenie Stronnictw Demokratycznych. - Warszawa, 1917.

670 ## - Źródło informacji

  • źródło informacji: Kp. [Inc.:] W dniu Zadusznym każdy wspomina swych blizkich i drogich, którzy pomarli [...] / Polska Partya Socyalistyczna. - Warszawa, 1915.

670 ## - Źródło informacji

  • źródło informacji: Program P.P.S. - Lublin, 1918.
Biblioteka Instytutu Północnego, ul. Partyzantów 87, 10-402 Olsztyn, email: biblioteka(at)ip.olsztyn.pl